000 00654nam a2200265Ia 4500
005 20260121161428.0
008 008 260114s9999 xx 000 0 eng d
020 _a9781315579498
037 _aEBOOK
040 _aCRL
040 _beng
040 _cCRL
041 _2eng
041 _aeng
084 _qCRL
100 _aEncounters with World Affairs
_91044633
245 0 _aEmilian Kavalski
260 _bTaylor and Francis
260 _c2015
650 _aInternational Political Economy
_91044634
856 _uhttp://www.taylorfrancis.com/books/9781315579498
942 _cEBOOK
999 _c1610724
_d1610724